Sports Quiz

Random Sports or Football Quiz

MAC Football Coach Poachers Quiz Stats

 Plays Quiz not verified by Sporcle

Challenge
Share
Tweet
Embed
Score 0/16 Timer 05:00
0 Plays Today
Year School % Correct
2011Illinois
80%
2010Minnesota
70.9%
2009Cincinnati
69.1%
2006Cincinnati
69.1%
2012Purdue
69.1%
2004Indiana
64.5%
2009Kansas
62.7%
2002Utah
60.9%
Year School % Correct
2000Missouri
53.6%
2012North Carolina State
52.7%
2010Pittsburgh
48.2%
2008San Diego State
45.5%
1998Northwestern
40%
2010Miami (FL)
39.1%
1995Louisville
34.5%
2000Wake Forest
31.8%

You're not logged in!

Compare scores with friends on all Sporcle quizzes.
Join for Free
OR
Log In

You Might Also Like...

Show Comments

Extras

Top Quizzes Today


Score Distribution

Your Account Isn't Verified!

In order to create a playlist on Sporcle, you need to verify the email address you used during registration. Go to your Sporcle Settings to finish the process.

Report this User

Report this user for behavior that violates our Community Guidelines.

Details: